000 00900nam a2200193 i 4500
001 129087
003 ES-MaACL
005 20230906193432.0
007 t|
008 070605m19221941sp d ||||1|cspa d
100 1 _aTejera y R. de Moncada, José Pío.
_9109590
245 1 0 _aBiblioteca del murciano, o Ensayo de un diccionario biográfico y bibliográfico de la literatura en Murcia /
_cformado, dispuesto y compilado por José Pío Tejera y R. de Moncada.
246 3 _aEnsayo de un diccionario biográfico y bibliográfico de la literatura en Murcia
260 _aMadrid :
_b[s.n.],
_c1922-1941 (
_fTip. de la Revista de Archivos, Bibliotecas y Museos)
300 _a2 v. ;
_c29 cm.
650 4 _aEscritores españoles-
_zMurcia (Comunidad Autónoma)-
_vBiobibliografías.
_9155189
650 4 _aLiteratura española-
_zNavarra (Comunidad Autónoma)
_9155190
852 4 _aES-MaACL
_jE-3267-67-bis
999 _c129087
_d129087